000 00398nam a2200157Ia 4500
008 230524s9999 xx 000 0 und d
082 _a621.382
_bGUT
100 _aJ.B.Gupta
245 0 _aTheory and Performance of Electrical Machines
250 _a14TH
260 _aNEW DELHI
_bS.K.Kataria
_c2007
300 _aXVI;759
500 _aQuantity Number: 30
650 _aElectrical
942 _cBK
999 _c36052
_d36052